El diccionario de Coll /

Guardat en:
Dades bibliogràfiques
Autor principal: Coll, José Luis (autor)
Altres autors: Cela, Camilo José (prólogo) (prólogo), Sánchez Polack, Luis (epílogo) (epílogo)
Format: Llibre
Idioma:espanyol
Publicat: Barcelona, España : Círculo de Lectores, 1976, c1976
Matèries:
Etiquetes: Afegir etiqueta
Sense etiquetes, Sigues el primer a etiquetar aquest registre!

MARC

LEADER 00000nam^a2200000^a^4500
001 000026471
005 20250521000000.0
009 20260310084733.163
020 |a 84-236-0828-6 
037 |a Acervo ITESO - Biblioteca 
041 |a ESP 
082 |a 867.  |b COL 
100 |a Coll, José Luis  |e (autor) 
245 1 3 |a El diccionario de Coll /  |c J.L. Coll ; pról. de C.J. Cela ; epílogo de L. Sánchez Polack. 
264 4 |a Barcelona, España :  |b Círculo de Lectores,  |c 1976, c1976 
300 |a 221 p. 
336 |a texto  |b txt  |2 rdacontenido 
337 |a sin mediación  |b n  |2 rdamedio 
338 |a volumen  |b nc  |2 rdasoporte 
649 |a XX 
650 |a Humor -  |z España 
650 |a Literatura Española -  |y Siglo XX 
700 |a Cela, Camilo José  |e (prólogo) 
700 |a Sánchez Polack, Luis  |e (epílogo) 
910 |a Fondo General 
920 |a Impresos - Libros 
930 |a Colección General 
940 |a Literatura 
905 |a 101 
901 |a 0500020705  |b IT1  |c LIT  |u 20250521 
902 |a https://opac.biblio.iteso.mx/vufind/Record/000026471